| 000 | 00611nam a2200193 a 4500 | ||
|---|---|---|---|
| 001 | BRCA_801 | ||
| 005 | 20190320203145.0 | ||
| 008 | 060508s1984----sp-a---###---#000-0#spa-# | ||
| 020 | _a8434578174 | ||
| 050 | 4 |
_aD23 _b.S25 12 _c1984 |
|
| 100 | 1 |
_aPaniagua Soto, José Ramón _92664 |
|
| 245 | 1 | 0 |
_aMovimientos artísticos _bla evolución del arte siglo a siglo _cJosé Ramón Paniagua Soto. |
| 260 |
_aBarcelona _bSalvat _c1984 |
||
| 300 |
_a64 p. _bil. (algunas a color) _c19 cm. |
||
| 440 | 0 |
_aColección Salvat. _pTemas clave _v12 _92665 |
|
| 504 | _aBibliografía: p. 64 | ||
| 650 | 1 | 4 |
_aArte _92666 |
| 942 |
_2lcc _cB |
||
| 999 |
_c697 _d697 |
||